000 00510nam a2200181Ia 4500
999 _c8871
_d8871
003 OSt
005 20210121094925.0
008 190216s9999||||xx |||||||||||||| ||und||
020 _a9788176297714
040 _coclc
082 _a005.1
_bKAU/S
100 _aKaur, Samarjeet
_98307
245 0 _aSoftware Engineering /
_cSamarjeet Kaur
260 _bDeep & Deep Publications,
_aNewdelhi:
_c2006.
300 _a914p
650 _aComputer
942 _cBK
_2ddc
_h005.1
_iKAU/S
_k005.1
_mKAU/S